Anatomía y Fisiología: en la salud y la enfermedad
Gespeichert in:
| 1. Verfasser: | |
|---|---|
| Format: | Buch |
| Sprache: | Spanisch |
| Veröffentlicht: |
Ciudad de México
El Manual Moderno
1994
|
| Schlagworte: | |
| Tags: |
Tag hinzufügen
Keine Tags, Fügen Sie den ersten Tag hinzu!
|
MARC
| LEADER | 00000cam a2200000 a 4500 | ||
|---|---|---|---|
| 001 | UCY1650 | ||
| 003 | CL-VaPUC | ||
| 005 | 20210623001222.0 | ||
| 008 | 940912e19940000MX |||||||||||||||||spa|d | ||
| 999 | |c 230290 |d 230288 | ||
| 020 | |a 9684265999 | ||
| 040 | |c Pontificia Universidad Católica de Valparaíso | ||
| 082 | 0 | 4 | |a 611 WIL 1994 |2 21 |
| 100 | 0 | |a Wilson, Kathleen J. W |9 329660 | |
| 245 | 1 | 0 | |a Anatomía y Fisiología: en la salud y la enfermedad |
| 260 | |a Ciudad de México |b El Manual Moderno |c 1994 | ||
| 300 | |a 525 páginas | ||
| 583 | |a last modification |c 20170417 09:36:32 |k Rodrigo Vera | ||
| 650 | 0 | |a Anatomía humana |9 269546 | |
| 650 | 0 | |a Fisiología humana |9 269557 | |
| 942 | |c BK |2 ddc | ||
| 945 | |d 19940912 00:00:00 |a mfernand | ||
| 952 | |0 0 |1 0 |2 ddc |4 0 |6 611_000000000000000_WIL_1994 |7 0 |8 A |9 232434 |a BIBCUR |b BIBCUR |d 2019-11-15 |i 3020266 |l 7 |o 611 WIL 1994 |p 3020266 |r 2025-04-22 |s 2025-03-26 |t 1 |w 2019-11-15 |y BK |k BIO | ||